LDR 00811naa#a2200169#i#450# 001 EN\\bibl\121758 005 20260702093351.4 011 ## _a2072-9502 100 ## _a20260427b2026####ek#y0engy0150####ca 102 ## _aRU 200 1# _aModification of the Galerkin method for solving the problem of parametric synthesis of ACS _eJournal article 210 1# _aAstrakhan _cAstrakhan State Technical University _d2026 215 ## _a7 с. 608 ## _aJournal article _2local 675 ## _aАвтоматика. Теория, методы расчета и аппаратура систем автоматического управления и регулирования. Техническая кибернетика. Техника автоматизации. 681.5 _z 700 #1 _aVataeva _gElizaveta Yur'evna 856 4# _avestnik.astu.org _u